000 00463nam a2200169Ia 4500
003 GCL
008 140319s9999 xx 000 0 eng d
040 _aGCL /
_cGCL
082 0 4 _a003
_bK I
100 1 _aKENDALL, PENNY A
245 1 0 _aINTRODUCTION TO SYSTEM ANALYSIS AND DESIGN: A STRUCTURAL APPROACH /
_cKENDALL, PENNY A
260 _a[S.N] :
_bIRWIN ،
_c1996
300 _a686 P
650 0 4 _aSYSTEM DESIGN
650 0 4 _aSYSTEM ANALYSIS
942 _2ddc
_cBK
999 _c13502
_d13502